Matemáticas. Ciclo Superior. Cuaderno 1. Potencias. Raíz cuadrada de naturales. Divisibilidad.

Gespeichert in:
Bibliographische Detailangaben
1. Verfasser: Gutiérrez Carbayo, Luis Javier
Weitere Verfasser: Maza Sáez, Ildefonso
Format: Buch
Sprache:Spanisch
Erschienen: Madrid : Anaya, 1986
Katalog:MANES:  Suchergebnis im Bibliothekskatalog
Schulbuchspezifische Eigenschaften:
Tags: Tag hinzufügen
Keine Tags, Fügen Sie den ersten Tag hinzu!
Hinzugefügt zu:08.06.2025
Geändert in:09.06.2025

MARC

LEADER 00000nam a22000007a 4500
003 OSt
005 20250609121108.0
008 250609b |||||||| |||| 00| 0 spa d
020 |a 84-207-2673-7 
040 |a centro_manes  |c Aula Museo de la Universidad de Oviedo 
100 |a Gutiérrez Carbayo, Luis Javier   |9 46128 
245 |a Matemáticas.   |b Ciclo Superior. Cuaderno 1. Potencias. Raíz cuadrada de naturales. Divisibilidad. 
260 |a  Madrid :   |b Anaya,   |c 1986 
300 |a 31 p.   |c 27 x 19 cm. 
500 |a Cartulina. Ejercicios. ISBN: 84-207-2673-7. 
546 |a España 
690 0 |a MATE 
691 0 |a PRI 
700 |a Maza Sáez, Ildefonso  |9 38003 
942 |2 ddc  |c BK 
999 |c 104849  |d 104849 
999 |c manes:104849  |d 104849